Sports Quiz

Random Sports or Football Quiz

AFC Bournemouth 2014-15 Results Quiz Stats

Quiz not verified by Sporcle

Challenge
Share
Tweet
Embed
Score 0/53 Timer 10:00
0 Plays Today
Hint Answer % Correct
Huddersfield (A)0-4
95%
Middlesbrough (H)3-0
87.5%
Charlton (A)0-3
87.5%
Exeter (A) - LC R10-2
85%
Brentford (H)1-0
85%
Nottingham Forest (H)1-2
85%
Leeds (H)1-3
85%
Birmingham (A)0-8
85%
Liverpool (H) LC QF1-3
85%
Aston Villa (A) FAC R42-1
85%
Derby (H)2-2
85%
Ipswich (A)1-1
85%
Brighton (A)0-2
85%
Reading (A)0-1
85%
Sheffield Wednesday (H)2-2
85%
Bolton (H)3-0
85%
Watford (A)1-1
82.5%
Cardiff (A) LC R30-3
82.5%
West Brom (H) LC R42-1
82.5%
Middlesbrough (A)0-0
82.5%
Ipswich (H)2-2
82.5%
Wolves (A)1-2
82.5%
Norwich (H)1-2
82.5%
Watford (H)2-0
82.5%
Brentford (A)3-1
82.5%
Nottingham Forest (A)2-1
82.5%
Northampton (H) LC R23-0
80%
Hint Answer % Correct
Norwich (A)1-1
80%
Derby (A)2-0
80%
Bolton (A)1-2
80%
Millwall (H)2-2
80%
Blackpool (A)1-6
80%
Wolves (H)2-1
80%
Fulham (A)1-5
80%
Cardiff (A)1-1
80%
Birmingham (H)4-2
80%
Blackburn (A)3-2
77.5%
Rotherham (H)1-1
77.5%
Wigan (H)2-0
77.5%
Charlton (H)1-0
77.5%
Reading (H)3-0
77.5%
Brighton (H)3-2
77.5%
Sheffield Wednesday (A)0-2
77.5%
Fulham (H)2-0
77.5%
Millwall (A)0-2
77.5%
Wigan (A)1-3
77.5%
Blackburn (H)0-0
77.5%
Blackpool (H)4-0
77.5%
Cardiff (H)5-3
75%
Rotherham (A)0-2
75%
Huddersfield (H)1-1
75%
Leeds (A)1-0
72.5%
Rotherham (A) FAC R31-5
70%

You're not logged in!

Compare scores with friends on all Sporcle quizzes.
Sign Up with Email
OR
Log In

You Might Also Like...

Show Comments

Extras

Top Quizzes Today


Score Distribution

Your Account Isn't Verified!

In order to create a playlist on Sporcle, you need to verify the email address you used during registration. Go to your Sporcle Settings to finish the process.